Normal view
MARC view
- Walvis T
Entry Personal Name
001 - CONTROL NUMBER
- control field: 174801
003 - CONTROL NUMBER IDENTIFIER
- control field: OSt
005 - DATE AND TIME OF LATEST TRANSACTION
- control field: 20230313131040.0
008 - FIXED-LENGTH DATA ELEMENTS
- fixed length control field: 230313|| aca||aabn | a|a d
040 ## - CATALOGING SOURCE
- Original cataloging agency: OSt
- Transcribing agency: OSt
100 ## - HEADING--PERSONAL NAME
- Personal name: Walvis T
670 ## - SOURCE DATA FOUND
- Source citation: Work cat.: (OSt)134303: Walvis T., Branding With Brains, 2010